L'amélioration des conditions des enseignants et de l'enseignement en milieu rural en Afrique / (Record no. 186091)

MARC details
000 -CABECERA
campo de control de longitud fija 00858nam a2200241 u 4500
005 - FECHA Y HORA DE LA ÚLTIMA TRANSACCIÓN
campo de control 20251111121414.0
008 - ELEMENTOS DE LONGITUD FIJA--INFORMACIÓN GENERAL
campo de control de longitud fija 161018s2011 fr r 000 0 fre d
020 ## - NÚMERO INTERNACIONAL NORMALIZADO PARA LIBROS
Número Internacional Estándar del Libro 9789994483556
035 ## - NÚMERO DE CONTROL DEL SISTEMA
Número de control de sistema UPN01000213991
049 ## - COLECCIÓN
Colección UNE
050 #4 - SIGNATURA TOPOGRÁFICA DE LA BIBLIOTECA DEL CONGRESO
Número de clasificación LB1775.4 A3
Número de documento/Ítem A3.4
100 1# - ASIENTO PRINCIPAL--NOMBRE PERSONAL
Nombre de persona Adedeji, Olugbenga
9 (RLIN) 40886
245 12 - MENCIÓN DE TÍTULO
Título L'amélioration des conditions des enseignants et de l'enseignement en milieu rural en Afrique /
Mención de responsabilidad, etc. Olugbenga Adedeji, Olanrewaju Olaniyan.
260 ## - PUBLICACIÓN, DISTRIBUCIÓN, ETC.
Lugar de publicación, distribución, etc. París :
Nombre del editor, distribuidor, etc. UNESCO,
Fecha de publicación, distribución, etc. 2011.
300 ## - DESCRIPCIÓN FÍSICA
Extensión 96 p. :
Otras características físicas il., gráfs., tablas
440 #0 - MENCIÓN DE SERIE/ASIENTO SECUNDARIO--TÍTULO
Título Principes du dévelopment de la formation des enseignants ;
Designación de volumen o secuencia 2
650 #4 - ASIENTO SECUNDARIO DE MATERIA - TERMINO TEMATICO
Término de materia o nombre geográfico como elemento de entrada MAESTROS -
Subdivisión geográfica AFRICA
9 (RLIN) 26177
650 #4 - ASIENTO SECUNDARIO DE MATERIA - TERMINO TEMATICO
Término de materia o nombre geográfico como elemento de entrada MAESTROS -
Subdivisión general CONDICIONES ECONOMICAS
9 (RLIN) 9207
650 #4 - ASIENTO SECUNDARIO DE MATERIA - TERMINO TEMATICO
Término de materia o nombre geográfico como elemento de entrada Educación rural
Subdivisión geográfica África
9 (RLIN) 26178
700 1# - ASIENTO SECUNDARIO--NOMBRE DE PERSONAL
Nombre de persona Olaniyan, Olanrewaju,
Término indicativo de función/relación coaut.
905 ## - TIPO DE MATERIAL
Tipo de material Libro
Holdings
Estado de retiro Estado de pérdida Fuente del sistema de clasificación o colocación Estado dañado No para préstamo Código de colección Localización permanente Ubicación/localización actual Ubicación en estantería Fecha de adquisición Clasificación Código de barras Fecha visto por última vez Número de copia Tipo de ítem Koha
    Library of Congress Classification   Disponible (Préstamo en sala) UNESCO Bib. Gregorio Torres Quintero Bib. Gregorio Torres Quintero Colecciones especiales Planta alta 03/02/2023 LB1775.4 A3 A3.4 314653 31/12/2020 1 Libro